000 01001nam a22003257a 4500
001 BR2014000112
003 BR-BrBNA
005 20230928104340.0
007 ta
008 230509b bl.||||| |||| 00| 0 por d
040 _aBR-BrBNA
_bpor
_cBiblioteca Nacional de Agricultura
041 _a(Por)
072 _aH20
_b1122
_b4120
_b3875
090 _ 1122 BR2014000112
100 1 _aOliveira, B.F. de
110 1 _aUniversidade Federal de Lavras, MG (Brasil)
_0Tese (Mestrado)
245 1 _aPelícula de amido de mandioca, associada ou não, a óleos essenciais no controle pós-colheita da antracnose em mamão
260 3 _aLavras, MG (Brasil):
_c2013.
300 _a92 p.
500 _aSummaries (Eng, Por); Several bibliography; 5 tables; 7 illus.
650 _aMAMÃO
650 _aANTRACNOSE
650 _aAMIDO
650 _aMANDIOCA
650 _aFUNGICIDA
650 _aPÓS-COLHEITA
650 _aCONTROLE INTEGRADO
909 _a202309
_bLucia
_c55
_dLucia Elande
942 _cBK
999 _c79433
_d79433